000 00621nam a2200241 i 4500
001 C2-0292853
003 PPAK
005 20180728024829.0
008 090113s2005 nyu |||| ||||| | eng d
020 _a0689867735
040 _aPPAK
_beng
_cPPAK
_erda
082 0 4 _a823
_223
090 0 0 _a823
_bBAP
_dLCK
100 1 _aBaptiste, Tracy,
_eauthor
245 1 0 _aAngel's Grace
264 1 _aNew York :
_bA Paula Wiseman Book ,
_c2005
300 _a165 pages ;
_c22 cm
336 _2rdacontent
_atext
337 _2rdamedia
_aunmediated
338 _2rdacarrier
_avolume
650 1 0 _aEnglish fiction
942 _ddc
_cB
999 _c97685
_d97685